Process system analysis and control

Salvato in:
Dettagli Bibliografici
Autore principale:  LeBlanc, Steven
Natura: Sách
Lingua:Undetermined
Pubblicazione:  McGraw-Hill Higher Education  2009
Soggetti:
Tags: Aggiungi Tag
Nessun Tag, puoi essere il primo ad aggiungerne! !
Thư viện lưu trữ: Trung tâm Thư viện - Trường Đại học Công nghiệp TP. Hồ Chí Minh
LEADER 00515nam a2200157Ia 4500
001 UIH_05596
008 231011s9999 xx 000 0 und d
082 |a  660.2815 
100 |a  LeBlanc, Steven 
245 0 |a  Process system analysis and control 
245 0 |c  LeBlanc, Steven 
260 |b  McGraw-Hill Higher Education 
260 |c  2009 
650 |a  Kiểm soát quy trình hóa học;  
927 |a Sách 
980 |a Trung tâm Thư viện - Trường Đại học Công nghiệp TP. Hồ Chí Minh